10 Most Visited U.S. National Parks - Statistics

General Stats
  • This quiz has been taken 135 times
  • The average score is 7 of 10
Answer Stats
State(s) Visitors (2021) National Park % Correct
Wyoming 4.9 million Yellowstone
98%
Arizona 4.5 million Grand Canyon
93%
California 3.9 million Yosemite
92%
Maine 4.1 million Acadia
73%
North Carolina & Tennessee 14.1 million Great Smoky Mountains
73%
Utah 5.0 million Zion
73%
Wyoming 3.9 million Grand Teton
71%
Colorado 4.4 million Rocky Mountain
68%
Montana 3.1 million Glacier
64%
Indiana 3.2 million Indiana Dunes
44%
No matching quizzes found
Score Distribution
Percent of People with Each Score
Percentile by Number Answered
Your Score History
You have not taken this quiz